Optics : principles and applications /

Saved in:
Bibliographic Details
Main Author: Sharma, K. K. (Author)
Format: Book
Language:English
Published: Amsterdam : Elsevier, 2006
Edition:[1st ed.]
Subjects:
ISBN:0123706114
Online Access: Get full text
Tags: Add Tag
No Tags, Be the first to tag this record!

MARC

LEADER 00000nam a2200000 4500
003 SK-BrCVT
005 20220617220133.0
008 070206s2006 ne e ||||||eng d
020 |a 0123706114 
035 |a CVTIDW1387161 
040 |b slo  |a CVTI SR  |e AACR2 
041 0 |a eng 
044 |a ne 
080 |a 535  |2 UDC-MRF 
100 1 |a Sharma, K. K.  |4 aut 
242 1 0 |a Optika  |b základy a využitie  |y slo 
245 1 0 |a Optics :  |b principles and applications /  |c K. K. Sharma 
250 |a [1st ed.] 
260 |a Amsterdam :  |b Elsevier,  |c 2006 
300 |a XVII, 638 s. :  |b fotogr., grafy, lit., obr., tab. ; 
653 1 |a svetelná vlna  |a šírenie svetla  |a odraz  |a lom  |a rozptyl  |a polarizácia  |a šošovka  |a geometrická optika  |a interferencia  |a difrakcia  |a holografia 
910 |a BA002  |b A600367 
919 |a 0-12-370611-4 
974 |f Knihy 
992 |a AMG 
999 |c 144821  |d 144821